000 00476nam a22001817a 4500
003 NUST - PNEC
005 20170116180807.0
008 150423b xxu||||| |||| 00| 0 eng d
020 _a-
040 _cLIBRARY
082 _a954.91 SIB
100 _93103
_aSibte Hassan
245 _aPakistan Main Tehzeeb Ki Irtiqa
_cSibte Hassan
260 _aKarachi :
_bMaktaba Daniyal ;
_cc.2015.
300 _a337 p. :
650 _93091
_aPakistan Culture
_xGeneral
942 _2ddc
_cBK
999 _c63243
_d63243